Food: the chemistry of its components
Uloženo v:
| Hlavní autor: | |
|---|---|
| Médium: | Kniha |
| Jazyk: | angličtina |
| Vydáno: |
Cambridge
Roya Society of Chemistry
2016
|
| Vydání: | 6a. ed |
| Témata: | |
| Tagy: |
Přidat tag
Žádné tagy, Buďte první, kdo vytvoří štítek k tomuto záznamu!
|
MARC
| LEADER | 00000cam a2200000 a 4500 | ||
|---|---|---|---|
| 001 | UCC1933 | ||
| 003 | CL-VaPUC | ||
| 005 | 20230601074028.0 | ||
| 008 | 171208e20160000uk |||||||||||||||||eng|d | ||
| 999 | |c 370263 |d 370261 | ||
| 020 | |a 9781849738804 | ||
| 040 | |c Pontificia Universidad Católica de Valparaíso | ||
| 082 | 0 | 4 | |a 664 |b COU |2 21 |
| 100 | |a Coultate, T. P |e author |9 545943 | ||
| 245 | 1 | 0 | |a Food: the chemistry of its components |
| 250 | |a 6a. ed | ||
| 260 | |a Cambridge |b Roya Society of Chemistry |c 2016 | ||
| 300 | |a 599 p | ||
| 583 | |a last modification |c 20171208 18:54:00 |k Rodrigo Vera | ||
| 650 | 7 | |a Tecnología de los alimentos |2 CL-VaPUC |9 596040 | |
| 650 | 0 | |a Industria alimentaria |9 331702 | |
| 650 | 0 | |a Biotecnología |9 259561 | |
| 650 | 0 | |a Conservación de alimentos |9 370644 | |
| 942 | |c BK |2 ddc | ||
| 945 | |d 20171208 18:54:00 |a arojas | ||
| 952 | |0 0 |1 0 |3 erb |4 0 |6 664_000000000000000_COU_2016 |7 0 |8 R |9 486621 |a BIBAGR |b BIBAGR |i 5441382 |o 664 COU 2016 |p 5441382 |r 2025-01-20 |w 2019-11-24 |y BK_R |z Catalogado en:20171208 |k AGR | ||
| 952 | |0 0 |1 0 |3 erb |4 0 |6 664_000000000000000_COU_2016 |7 0 |8 R |9 486622 |a BIBAGR |b BIBAGR |i 5441390 |o 664 COU 2016 |p 5441390 |r 2025-01-20 |w 2019-11-24 |y BK_R |z Catalogado en:20171208 |k AGR | ||
| 952 | |0 0 |1 0 |3 erb |4 0 |6 664_000000000000000_COU_2016 |7 0 |8 R |9 486623 |a BIBAGR |b BIBAGR |i 5441404 |l 1 |o 664 COU 2016 |p 5441404 |r 2025-01-20 |s 2024-10-17 |w 2019-11-24 |y BK_R |z Catalogado en:20171208 |k AGR | ||
| 952 | |0 0 |1 0 |3 erb |4 0 |6 664_000000000000000_COU_2016 |7 0 |8 R |9 486624 |a BIBAGR |b BIBAGR |i 5441412 |o 664 COU 2016 |p 5441412 |r 2025-01-20 |w 2019-11-24 |y BK_R |z Catalogado en:20171208 |k AGR | ||
| 952 | |0 0 |1 0 |3 erb |4 0 |6 664_000000000000000_COU_2016 |7 0 |8 R |9 486625 |a BIBAGR |b BIBAGR |i 5441420 |o 664 COU 2016 |p 5441420 |r 2025-01-20 |w 2019-11-24 |y BK_R |z Catalogado en:20171208 |k AGR | ||